A contribution to the flora of Honduras /

Bibliographic Details
Main Author: Yuncker, T. G. (Truman George), 1891-1964
Format: Book
Language:English
Published: Chicago, [publisher not identified] ; 1938.
Series:Publication (Field Museum of Natural History) ; 405.
Fieldiana. Botany ; v. 17, no. 4.
Subjects:

MARC

Tag First Indicator Second Indicator Subfields
LEADER 00000cam a2200000 4500
001 in00000237313
005 20151010050251.0
008 740822s1938 iluf 00010 eng d
010 |a  39006928  
035 |a (OCoLC)00986670 
035 |9 ABA8644AM 
040 |c MIA  |d TXA  |d UtOrBLW 
049 |a TXAM  |c [A04873321] 
050 0 |a QK1  |b .F4 v. 17, no. 4 
100 1 |a Yuncker, T. G.  |q (Truman George),  |d 1891-1964. 
245 1 2 |a A contribution to the flora of Honduras /  |c by T. G. Yuncker. 
264 1 |a Chicago,  |b [publisher not identified] ;  |c 1938. 
300 |a pages 287-407 :  |b XVIII plate 
336 |a text  |b txt  |2 rdacontent 
337 |a unmediated  |b n  |2 rdamedia 
338 |a volume  |b nc  |2 rdacarrier 
490 1 |a Field Museum of Natural History. Publication 405 
490 1 |a Fieldiana: Botany, 17, no. 4 
650 0 |a Botany  |z Honduras. 
830 0 |a Publication (Field Museum of Natural History) ;  |v 405. 
830 0 |a Fieldiana.  |p Botany ;  |v v. 17, no. 4. 
999 |a MARS 
999 f f |s 033d869e-307b-3047-b9ee-30b8e41895cd  |i 202517f6-4d88-3a52-b57f-d412d3d9674d  |t 0 
952 f f |p normal  |a Texas A&M University  |b College Station  |c Sterling C. Evans Library  |d Evans: Library Stacks  |t 0  |e QK1 .F4 v.17 no.4  |h Library of Congress classification  |i unmediated -- volume  |m A14804873321 
998 f f |a QK1 .F4 v.17 no.4  |t 0  |l Evans: Library Stacks